[Event "Maastricht Limburg op-C 6th"]
[Site "Maastricht"]
[Date "2012.05.28"]
[Round "6"]
[White "Vossen, Martijn"]
[Black "Rosenbrand, Stefan"]
[Result "1-0"]
[WhiteElo "1656"]
[BlackElo "1381"]
[PlyCount "118"]
[EventDate "2012.05.25"]
[EventType "swiss"]
[EventRounds "7"]
[EventCountry "NED"]
[SourceTitle "EXT 2013"]
[Source "ChessBase"]
[SourceDate "2012.11.22"]
[SourceVersion "1"]
[SourceVersionDate "2012.11.22"]
[SourceQuality "1"]

1. e4 c5 2. Nf3 d6 3. c3 Nf6 4. d3 Nc6 5. Bg5 e6 6. Na3 Be7 7. Nc2 h6 8. Bxf6 Bxf6 9. d4 cxd4 10. Ncxd4 0-0 11. Qc2 a6 12. Rd1 Qc7 13. Be2 b6 14. Nxc6 Qxc6 15. Nd4 Qc7 16. 0-0 Bb7 17. Bf3 Rac8 18. g3 b5 19. Qb3 Qc4 20. Qxc4 Rxc4 21. Rfe1 e5 22. Nf5 Rd8 23. Nxd6 Rc7 24. Nxb7 Rxd1 25. Bxd1 Rxb7 26. Bb3 Rd7 27. Rd1 Rxd1+ 28. Bxd1 Be7 29. b4 Kf8 30. Kf1 Ke8 31. Ke2 Kd7 32. a4 Kc6 33. Kd3 Bg5 34. Bb3 bxa4 35. Bxf7 a3 36. Kc2 Kb5 37. h4 Be7 38. Kb3 a5 39. Be8+ Kb6 40. Kxa3 axb4+ 41. cxb4 Bd6 42. Kb3 Kc7 43. Kc4 Kd8 44. Bg6 Ke7 45. h5 Kd7 46. b5 Kc7 47. Kd5 Kd7 48. f3 Bc7 49. b6 Bxb6 50. Kxe5 Bc7+ 51. Kf5 Bxg3 52. Bf7 Bd6 53. e5 Be7 54. Kg6 Bf8 55. Kh7 Ke7 56. Kg8 g5 57. e6 g4 58. fxg4 Kf6 59. Kxf8 Kg5 1-0

[Event "Maastricht Limburg op-C 6th"]
[Site "Maastricht"]
[Date "2012.05.25"]
[Round "1"]
[White "Gerlagh, Reyer"]
[Black "Vossen, Martijn"]
[Result "1/2-1/2"]
[WhiteElo "1327"]
[BlackElo "1656"]
[PlyCount "89"]
[EventDate "2012.05.25"]
[EventType "swiss"]
[EventRounds "7"]
[EventCountry "NED"]
[SourceTitle "EXT 2013"]
[Source "ChessBase"]
[SourceDate "2012.11.22"]
[SourceVersion "1"]
[SourceVersionDate "2012.11.22"]
[SourceQuality "1"]

1. e4 d6 2. d4 g6 3. c4 Bg7 4. Nf3 Nf6 5. Nc3 0-0 6. Be2 Nbd7 7. 0-0 c5 8. d5 a6 9. Bd2 b6 10. Rb1 Bb7 11. Bd3 Ng4 12. h3 Nge5 13. Nxe5 Nxe5 14. Be2 e6 15. Qc1 Qe7 16. f4 Nd7 17. Bg4 exd5 18. Nxd5 Bxd5 19. exd5 f5 20. Bf3 Rfe8 21. Re1 Qf7 22. Re6 Qf8 23. Qc2 b5 24. b3 b4 25. Rbe1 Rad8 26. Qc1 Nb8 27. R1e2 a5 28. Qe1 Kf7 29. Qd1 Na6 30. Be1 Nc7 31. Rxe8 Rxe8 32. Rxe8 Qxe8 33. Qe2 Qd8 34. Kf1 Qf6 35. g4 fxg4 36. Bxg4 Qxf4+ 37. Qf2 Qxf2+ 38. Bxf2 g5 39. Bg3 Bf8 40. Ke2 Kf6 41. Kd3 Ne8 42. Ke4 Ng7 43. Bf2 Kg6 44. Be3 h5 45. Bd7 1/2-1/2